| 000 | 00601cam a22002051a 4500 | ||
|---|---|---|---|
| 001 | af 49000169 | ||
| 003 | DLC | ||
| 005 | 20260227110914.0 | ||
| 008 | 811028s1942 ne 000 0 fry c | ||
| 010 | _aaf 49000169 | ||
| 035 | _a(OCoLC)7885152 | ||
| 040 |
_aChicago University Library _cMiGrC _dMiGrC _dDLC |
||
| 050 | 0 | 0 |
_aPF1513 _b.S4 |
| 100 | 1 |
_aSchurer, Fedde, _d1898-1968, _eed. |
|
| 245 | 1 | 0 |
_aFiif en tweintich Fryske dichters / _cFedde Schurer. |
| 260 |
_aAmsterdam : _bBigot & Van Rossum, _c[1942] |
||
| 300 |
_a123 p. ; _c19 cm. |
||
| 490 | 0 |
_aDe Kolibri ; _vnr. 5 |
|
| 650 | 0 | _aFrisian poetry. | |
| 999 |
_c6509 _d6509 |
||